00733nam a2200253 a 4500001001300000003000900013005001700022008004100039020001000080082001600090100002100106245001400127260005400141300000800195500003500203505001700238650002800255650003300283700002100316902000800337942000700345952011200352999001500464nice12345678IN_TiNIC20260116011512.0050524s1968 keda grp 000 0 eng  ac1.500a248.24bRAM aRamabai, Pandita aTestimony aKedgaon, Poona Dist.bRamabai Mukti Missionc1968 a66p aincludes index and biblioraphy2 aBIBLIOGRAPHY aConversion-Christianity aRama Bai Mukti Mission-India1 aRamabai, Pandita bSRS cBK 001040708StackRoom-aHMIbHMId2007-07-06g1.50l0o248.24 RAMp03850r2017-01-24v1.50w2005-05-24yBK c2093d2093